[Event "TSCT2017 masters"]
[Site "Wijk aan Zee"]
[Date "2017.01.19"]
[Round "5.7"]
[White "Andreikin, Dmitri"]
[Black "Rapport, Richard"]
[Result "1/2-1/2"]
[BlackElo "2702"]
[WhiteElo "2736"]
[LiveChessVersion "1.4.8"]

1. e4 {[%clk 1:40:48]} e5 {[%clk 1:39:58]} 2. Nf3 {[%clk 1:41:03]} Nc6
{[%clk 1:40:22]} 3. Bc4 {[%clk 1:41:00]} Nf6 {[%clk 1:40:42]} 4. d3
{[%clk 1:41:20]} Be7 {[%clk 1:40:42]} 5. O-O {[%clk 1:41:20]} O-O
{[%clk 1:40:42]} 6. Nc3 {[%clk 1:41:20]} d6 {[%clk 1:40:42]} 7. a3
{[%clk 1:41:20]} Be6 {[%clk 1:40:42]} 8. Nd5 {[%clk 1:41:20]} Qd7
{[%clk 1:40:42]} 9. Bg5 {[%clk 1:41:20]} Bxd5 {[%clk 1:40:42]} 10. exd5
{[%clk 1:41:20]} Nd4 {[%clk 1:40:42]} 11. Nxd4 {[%clk 1:41:20]} exd4
{[%clk 1:40:42]} 12. Qf3 {[%clk 1:41:20]} Rae8 {[%clk 1:40:42]} 13. Rae1
{[%clk 1:41:20]} Bd8 {[%clk 1:40:42]} 14. h3 {[%clk 1:41:20]} Qa4
{[%clk 1:40:42]} 15. Qd1 {[%clk 1:41:20]} Qd7 {[%clk 1:40:42]} 16. Bd2
{[%clk 1:41:20]} h6 {[%clk 1:40:42]} 17. b4 {[%clk 1:41:20]} Re5 {[%clk 1:40:42]}
18. Qa1 {[%clk 1:41:20]} Nxd5 {[%clk 1:40:42]} 19. Qxd4 {[%clk 1:41:20]} Rxe1
{[%clk 1:40:42]} 20. Rxe1 {[%clk 1:41:20]} Nb6 {[%clk 1:40:42]} 21. Bb3
{[%clk 1:41:20]} Re8 {[%clk 1:40:42]} 22. Rxe8+ {[%clk 1:41:20]} Qxe8
{[%clk 1:40:42]} 23. Qe4 {[%clk 1:41:20]} Qxe4 {[%clk 1:40:42]} 24. dxe4
{[%clk 1:41:20]} Nd7 {[%clk 1:40:42]} 25. g3 {[%clk 1:41:20]} b5 {[%clk 1:40:42]}
26. a4 {[%clk 1:41:20]} Ne5 {[%clk 1:40:42]} 27. Kf1 {[%clk 1:41:20]} bxa4
{[%clk 1:40:42]} 28. Bxa4 {[%clk 1:41:20]} Nc4 {[%clk 1:40:42]} 29. Be1
{[%clk 1:41:20]} c5 {[%clk 1:40:42]} 30. Ke2 {[%clk 1:41:20]} cxb4
{[%clk 1:40:42]} 31. Bb3 {[%clk 1:41:20]} Nb6 {[%clk 1:40:42]} 32. Bxb4
{[%clk 1:41:20]} Bc7 {[%clk 1:40:42]} 33. f4 {[%clk 1:41:20]} Nd7
{[%clk 0:12:23]} 34. Kd3 {[%clk 0:08:14]} g5 {[%clk 0:07:20]} 35. Kd4
{[%clk 0:07:03]} a5 {[%clk 0:04:22]} 36. Bd2 {[%clk 0:06:01]} Bb6+
{[%clk 0:04:07]} 37. Kc4 {[%clk 0:06:15]} Nf6 {[%clk 0:04:07]} 38. e5
{[%clk 0:02:53]} Ne4 {[%clk 0:03:30]} 39. Be1 {[%clk 0:03:00]} gxf4
{[%clk 0:01:57]} 40. gxf4 {[%clk 0:52:10]} dxe5 {[%clk 0:51:26]} 41. fxe5
{[%clk 0:44:17]} Ng5 {[%clk 0:48:34]} 42. Bd2 {[%clk 0:17:46]} Kg7
{[%clk 0:41:56]} 43. h4 {[%clk 0:17:59]} Nf3 {[%clk 0:41:23]} 44. Bc3
{[%clk 0:18:11]} Kg6 {[%clk 0:36:29]} 45. h5+ {[%clk 0:17:37]} Kf5
{[%clk 0:36:28]} 46. Kb5 {[%clk 0:15:13]} Bc7 {[%clk 0:31:45]} 47. Bxf7
{[%clk 0:11:41]} Bxe5 {[%clk 0:31:52]} 48. Bg6+ {[%clk 0:10:47]} Kg5
{[%clk 0:31:12]} 49. Bxa5 {[%clk 0:06:46]} Nd4+ {[%clk 0:31:24]} 50. Kc4
{[%clk 0:07:13]} Nxc2 {[%clk 0:31:50]} 51. Kd3 {[%clk 0:07:40]} Nd4
{[%clk 0:31:18]} 52. Ke4 {[%clk 0:07:45]} Kf6 {[%clk 0:31:25]} 53. Kd5
{[%clk 0:07:51]} Kg7 {[%clk 0:31:47]} 54. Bc3 {[%clk 0:08:01]} Bf6
{[%clk 0:32:12]} 55. Bxd4 1/2-1/2

Event "TSCT2017 masters"]
[Site "Wijk aan Zee"]
[Date "2017.01.20"]
[Round "6.1"]
[White "Aronian, Levon"]
[Black "Carlsen, Magnus"]
[Result "1/2-1/2"]
[BlackElo "2840"]
[WhiteElo "2780"]
[LiveChessVersion "1.4.8"]

1. d4 {[%clk 1:40:57]} d5 {[%clk 1:40:43]} 2. c4 {[%clk 1:41:22]} c6
{[%clk 1:41:09]} 3. Nc3 {[%clk 1:41:47]} Nf6 {[%clk 1:41:32]} 4. e3
{[%clk 1:42:13]} a6 {[%clk 1:41:51]} 5. Nf3 {[%clk 1:42:38]} Bf5 {[%clk 1:42:10]}
6. Be2 {[%clk 1:43:03]} h6 {[%clk 1:42:27]} 7. Qb3 {[%clk 1:43:27]} Ra7
{[%clk 1:42:49]} 8. cxd5 {[%clk 1:43:53]} cxd5 {[%clk 1:43:13]} 9. Ne5
{[%clk 1:43:22]} e6 {[%clk 1:43:37]} 10. Bd2 {[%clk 1:42:03]} Be7
{[%clk 1:42:33]} 11. O-O {[%clk 1:42:18]} O-O {[%clk 1:42:56]} 12. Rfc1
{[%clk 1:42:45]} Nfd7 {[%clk 1:33:00]} 13. Nxd7 {[%clk 1:43:08]} Qxd7
{[%clk 1:33:22]} 14. Na4 {[%clk 1:42:48]} Nc6 {[%clk 1:32:32]} 15. Qb6
{[%clk 1:42:41]} Rfa8 {[%clk 1:21:58]} 16. Nc5 {[%clk 1:43:01]} Qc8
{[%clk 1:22:09]} 17. a3 {[%clk 1:41:36]} Bd6 {[%clk 1:13:59]} 18. g3
{[%clk 1:40:36]} Bc7 {[%clk 1:02:42]} 19. Qb3 {[%clk 1:40:59]} Qe8
{[%clk 1:01:22]} 20. Bf1 {[%clk 1:23:27]} Rb8 {[%clk 0:49:38]} 21. Qc3
{[%clk 1:17:36]} Bd8 {[%clk 0:43:15]} 22. Nxa6 {[%clk 1:12:32]} bxa6
{[%clk 0:43:42]} 23. Qxc6 {[%clk 1:12:50]} Qxc6 {[%clk 0:44:09]} 24. Rxc6
{[%clk 1:13:14]} Rxb2 {[%clk 0:44:35]} 25. Be1 {[%clk 1:13:36]} Be7
{[%clk 0:43:07]} 26. Rxa6 {[%clk 1:03:34]} Rab7 {[%clk 0:43:27]} 27. Rc6
{[%clk 1:03:47]} Rb1 {[%clk 0:43:49]} 28. Rc1 {[%clk 1:04:12]} Rxc1
{[%clk 0:44:13]} 29. Rxc1 {[%clk 1:04:38]} Bxa3 {[%clk 0:44:37]} 30. Ra1
{[%clk 1:05:01]} Rb1 {[%clk 0:44:43]} 1/2-1/2